Normal view
MARC view
- Hasan, Syed Maaz
Entry Personal Name
001 - CONTROL NUMBER
- control field: 32916
003 - CONTROL NUMBER IDENTIFIER
- control field: NUST
005 - DATE AND TIME OF LATEST TRANSACTION
- control field: 20201019112803.0
008 - FIXED-LENGTH DATA ELEMENTS
- fixed length control field: 201019|| aca||aabn | a|a d
040 ## - CATALOGING SOURCE
- Original cataloging agency: NUST
- Transcribing agency: NUST
100 ## - HEADING--PERSONAL NAME
- Personal name: Hasan, Syed Maaz
670 ## - SOURCE DATA FOUND
- Source citation: Work cat.: (NUST): Hasan, Syed Maaz, Co-Evolution and Algorithmic Generation of Machining Process Plans and Kinematic Configurations /, 2012.
